[Event "Foment Martinenc op-A 23rd"]
[Site "Barcelona"]
[Date "2023.06.10"]
[Round "8"]
[White "Cunillera Amigo, Jose Luis"]
[Black "Gonzalez Alonso, Marti"]
[Result "1/2-1/2"]
[WhiteElo "1993"]
[BlackElo "1930"]
[PlyCount "103"]
[EventDate "2023.04.22"]
[EventType "swiss"]
[EventRounds "9"]
[EventCountry "ESP"]
[SourceTitle "EXT 2024"]
[Source "ChessBase"]
[SourceDate "2023.10.10"]
[SourceVersion "1"]
[SourceVersionDate "2023.10.10"]
[SourceQuality "1"]

1. e4 e5 2. Nf3 Nf6 3. Nc3 Nc6 4. Bb5 Nd4 5. Ba4 Bc5 6. 0-0 Qe7 7. d3 c6 8. Nxd4 Bxd4 9. Ne2 Bb6 10. Ng3 d6 11. Be3 0-0 12. h3 d5 13. Bxb6 axb6 14. Bb3 dxe4 15. dxe4 Be6 16. Qf3 Bxb3 17. Qxb3 Qc5 18. a3 Rad8 19. Rad1 h5 20. h4 g6 21. Rd3 Ng4 22. Ne2 Qe7 23. g3 Rxd3 24. cxd3 b5 25. Qc3 Rd8 26. b4 Qd6 27. Rd1 Qf6 28. Qe1 Qf3 29. Nc1 f5 30. exf5 gxf5 31. Qe2 Qxe2 32. Nxe2 Kf7 33. Nc3 Ra8 34. Nb1 Rd8 35. Kf1 e4 36. d4 Ne5 37. Ke2 Nc4 38. Nc3 Ra8 39. Nb1 Nxa3 40. Nxa3 Rxa3 41. d5 Ke7 42. dxc6 bxc6 43. Rc1 Rb3 44. Rxc6 Rxb4 45. Rh6 Rb2+ 46. Ke3 b4 47. Rxh5 Ke6 48. Rh6+ Kd5 49. Rb6 Rb3+ 50. Ke2 Rb2+ 51. Ke3 Rb3+ 52. Ke2 1/2-1/2

[Event "Foment Martinenc op-A 23rd"]
[Site "Barcelona"]
[Date "2023.05.13"]
[Round "4"]
[White "Perez Pastora, Evaristo"]
[Black "Gonzalez Alonso, Marti"]
[Result "0-1"]
[WhiteElo "2089"]
[BlackElo "1930"]
[PlyCount "78"]
[EventDate "2023.04.22"]
[EventType "swiss"]
[EventRounds "9"]
[EventCountry "ESP"]
[SourceTitle "EXT 2024"]
[Source "ChessBase"]
[SourceDate "2023.10.10"]
[SourceVersion "1"]
[SourceVersionDate "2023.10.10"]
[SourceQuality "1"]

1. e4 e5 2. Nf3 Nf6 3. Nxe5 d6 4. Nf3 Nxe4 5. d4 d5 6. Bd3 Bd6 7. c4 c6 8. 0-0 0-0 9. cxd5 cxd5 10. Nc3 Nxc3 11. bxc3 Bg4 12. Rb1 Nd7 13. h3 Bh5 14. a4 Nb6 15. Re1 h6 16. g4 Bg6 17. a5 Bxd3 18. Qxd3 Nc4 19. Rxb7 Nxa5 20. Rb1 Nc4 21. Ne5 Qc7 22. Bf4 Bxe5 23. Bxe5 Qc6 24. h4 a5 25. g5 h5 26. f4 a4 27. f5 Rfe8 28. g6 fxg6 29. fxg6 Nxe5 30. Rxe5 Rxe5 31. dxe5 a3 32. Qf5 a2 33. Ra1 Qxc3 34. Qf1 Qg3+ 35. Qg2 Qxg2+ 36. Kxg2 Kf8 37. Kf3 Ra4 38. Ke3 Ke7 39. Kd3 Ke6 0-1

[Event "Foment Martinenc op-A 23rd"]
[Site "Barcelona"]
[Date "2023.04.22"]
[Round "1"]
[White "Gonzalez Alonso, Marti"]
[Black "Palmer Pifarre, Joaquin"]
[Result "1-0"]
[WhiteElo "1930"]
[BlackElo "1567"]
[PlyCount "43"]
[EventDate "2023.04.22"]
[EventType "swiss"]
[EventRounds "9"]
[EventCountry "ESP"]
[SourceTitle "EXT 2024"]
[Source "ChessBase"]
[SourceDate "2023.10.10"]
[SourceVersion "1"]
[SourceVersionDate "2023.10.10"]
[SourceQuality "1"]

1. e4 c6 2. d4 d5 3. exd5 cxd5 4. c4 Nf6 5. Nc3 Nc6 6. Bg5 dxc4 7. d5 Ne5 8. Qd4 Nd3+ 9. Bxd3 cxd3 10. Nf3 h6 11. Bf4 e6 12. 0-0-0 Nxd5 13. Rxd3 Qa5 14. Qe5 f6 15. Qh5+ Ke7 16. Nxd5+ exd5 17. Re1+ Be6 18. Rde3 Rc8+ 19. Kb1 Rc6 20. Nd4 Ra6 21. Rxe6+ Rxe6 22. Rxe6+ 1-0

[Event "Figueres Mas op-A 23rd"]
[Site "Figueres"]
[Date "2022.08.15"]
[Round "6"]
[White "Gonzalez Alonso, Marti"]
[Black "Guzman Maglaya, Noli"]
[Result "1-0"]
[WhiteElo "1928"]
[BlackElo "1754"]
[PlyCount "43"]
[EventDate "2022.08.11"]
[EventType "swiss"]
[EventRounds "9"]
[EventCountry "ESP"]
[SourceTitle "EXT 2023"]
[Source "ChessBase"]
[SourceDate "2022.10.05"]
[SourceVersion "1"]
[SourceVersionDate "2022.10.05"]
[SourceQuality "1"]

1. e4 c5 2. Nf3 d6 3. d4 cxd4 4. Qxd4 Nc6 5. Bb5 e5 6. Qd3 Nf6 7. Nc3 Bd7 8. Bg5 a6 9. Bc4 Be6 10. 0-0-0 Qa5 11. Bxe6 fxe6 12. Qc4 Kf7 13. Be3 h6 14. g4 Nxg4 15. Rhg1 Nxe3 16. fxe3 g5 17. h4 Qb4 18. Qe2 Na5 19. a3 Qc4 20. Qf2 Ke7 21. hxg5 h5 22. Nxe5 1-0

[Event "Figueres Mas op-A 23rd"]
[Site "Figueres"]
[Date "2022.08.12"]
[Round "2"]
[White "Gonzalez Alonso, Marti"]
[Black "Gonzalez Rodriguez, Jorge Armando"]
[Result "0-1"]
[WhiteElo "1928"]
[BlackElo "2253"]
[PlyCount "37"]
[EventDate "2022.08.11"]
[EventType "swiss"]
[EventRounds "9"]
[EventCountry "ESP"]
[SourceTitle "EXT 2023"]
[Source "ChessBase"]
[SourceDate "2022.10.05"]
[SourceVersion "1"]
[SourceVersionDate "2022.10.05"]
[SourceQuality "1"]

1. e4 e6 2. d4 d5 3. exd5 exd5 4. Nf3 Bg4 5. Bd3 Qf6 6. 0-0 Bxf3 7. Qxf3 Qxf3 8. gxf3 Bd6 9. Nc3 c6 10. Re1+ Ne7 11. Ne2 Nd7 12. Bf4 Bxf4 13. Nxf4 Kd8 14. b4 Nf6 15. a4 a5 16. Ng2 Ng6 17. b5 Kc7 18. Bxg6 hxg6 19. Re7+ 0-1

[Event "Foment Martinenc op-A 22nd"]
[Site "Barcelona"]
[Date "2022.06.04"]
[Round "7"]
[White "Gonzalez Alonso, Marti"]
[Black "Cunillera Amigo, Jose Luis"]
[Result "1/2-1/2"]
[WhiteElo "1928"]
[BlackElo "2014"]
[PlyCount "136"]
[EventDate "2022.04.23"]
[EventType "swiss"]
[EventRounds "9"]
[EventCountry "ESP"]
[SourceTitle "EXT 2023"]
[Source "ChessBase"]
[SourceDate "2022.10.05"]
[SourceVersion "1"]
[SourceVersionDate "2022.10.05"]
[SourceQuality "1"]

1. e4 e5 2. Nf3 Nc6 3. c3 d6 4. d4 Bg4 5. Bb5 a6 6. Bxc6+ bxc6 7. dxe5 dxe5 8. Qa4 Bd6 9. Qxc6+ Bd7 10. Qc4 Nf6 11. a4 0-0 12. 0-0 Qc8 13. Bg5 Be6 14. Qc6 Rb8 15. Bxf6 Rb6 16. Qxb6 cxb6 17. Bxe5 Bxe5 18. Nxe5 Qc7 19. Nf3 Qf4 20. Re1 Rd8 21. Nd4 Bc8 22. Na3 h5 23. Nc4 Qc7 24. b3 h4 25. f3 g6 26. Rac1 Kg7 27. Ne3 Bb7 28. Red1 Qc5 29. Kf1 Re8 30. b4 Qg5 31. Nc4 b5 32. Nd6 Re7 33. axb5 axb5 34. N6xb5 Ba6 35. c4 Qf4 36. h3 Rxe4 37. Kg1 Re5 38. c5 Bxb5 39. Nxb5 Qxb4 40. c6 Qxb5 41. c7 Qb6+ 42. Kh1 Rc5 43. c8Q Rxc8 44. Rxc8 Qf2 45. Rcd8 g5 46. Re8 Qc2 47. Rde1 f6 48. R8e2 Qc5 49. Rb2 Qc3 50. Rbb1 Kg6 51. Rbc1 Qd4 52. Rc6 Qb2 53. Ree6 Qb1+ 54. Kh2 Qb8+ 55. Rcd6 Qb2 56. Rb6 Qc3 57. Rbc6 Qb2 58. Rxf6+ Qxf6 59. Rxf6+ Kxf6 60. Kg1 Ke5 61. Kf1 Kf5 62. Ke2 Ke5 63. Ke3 Kf5 64. f4 g4 65. hxg4+ Kxg4 66. Ke4 Kg3 67. f5 Kxg2 68. f6 h3 1/2-1/2

[Event "Catalunya-chT Gp2"]
[Site "Barcelona"]
[Date "2022.01.29"]
[Round "2.10"]
[White "Caldero Lesan, Jordi"]
[Black "Gonzalez Alonso, Marti"]
[Result "0-1"]
[WhiteElo "1628"]
[BlackElo "1897"]
[PlyCount "98"]
[EventDate "2022.01.22"]
[EventType "team-tourn"]
[EventRounds "9"]
[EventCountry "ESP"]
[SourceTitle "CBM 206 Extra"]
[Source "ChessBase"]
[SourceDate "2022.03.31"]
[SourceVersion "1"]
[SourceVersionDate "2022.03.31"]
[SourceQuality "1"]
[WhiteTeam "Lleida"]
[BlackTeam "Colon Ateneu"]
[WhiteTeamCountry "ESP"]
[BlackTeamCountry "ESP"]

1. e4 e5 2. Nf3 Nf6 3. Nxe5 d6 4. Nf3 Nxe4 5. d3 Nf6 6. Be2 Be7 7. h3 0-0 8. 0-0 Nbd7 9. Re1 Re8 10. Nbd2 d5 11. d4 c5 12. c3 Bd6 13. Bd3 b6 14. b3 Bb7 15. Rxe8+ Qxe8 16. Bb2 Ne4 17. c4 cxd4 18. Bxd4 Ndc5 19. Bf1 Rd8 20. Qc2 Bf4 21. Rd1 Qd7 22. b4 Nxd2 23. Nxd2 dxc4 24. Nxc4 Ne6 25. Qf5 Qd5 26. Be5 Qxd1 27. Bxf4 g6 28. Qf6 Nxf4 29. Qxf4 Qd4 30. Qc7 Qd7 31. Qf4 Bd5 32. a3 Bxc4 33. Qxc4 Rc8 34. Qf4 Qd1 35. Qe3 Qa1 36. Qd3 Rc1 37. Qa6 Rc3 38. Qxa7 Rc1 39. Qa6 Qd4 40. Qb5 Rc2 41. Be2 Qb2 42. Bc4 Rxf2 43. Bf1 Qd4 44. Kh1 Kg7 45. Qa6 Qf4 46. Kg1 Qe3 47. Kh1 Rf6 48. Qc4 Qe1 49. Qc2 Rxf1+ 0-1

[Event "Barcelona op"]
[Site "Barcelona"]
[Date "2020.07.17"]
[Round "7.2"]
[White "Gonzalez Alonso, Marti"]
[Black "Bernado Lopez, Roger"]
[Result "1/2-1/2"]
[WhiteElo "2108"]
[BlackElo "2291"]
[PlyCount "143"]
[EventDate "2020.07.11"]
[EventType "swiss"]
[EventRounds "9"]
[EventCountry "ESP"]
[SourceTitle "EXT 2024"]
[Source "ChessBase"]
[SourceDate "2023.10.10"]
[SourceVersion "1"]
[SourceVersionDate "2023.10.10"]
[SourceQuality "1"]

1. e4 e6 2. d4 d5 3. exd5 exd5 4. Bd3 Nc6 5. c3 Bd6 6. Nf3 Bg4 7. 0-0 Nge7 8. Re1 Qd7 9. b4 0-0-0 10. a4 Ng6 11. a5 Rde8 12. Be3 Nce7 13. b5 Nf5 14. Nbd2 Bf4 15. Nf1 Nfh4 16. N1d2 Qd6 17. b6 a6 18. h3 Bxe3 19. Rxe3 Rxe3 20. fxe3 Qg3 21. Qf1 Bxh3 22. Qf2 Qxf2+ 23. Kxf2 Nxf3 24. gxf3 cxb6 25. axb6 Be6 26. Nb3 Nf8 27. Rb1 Nd7 28. Na5 h5 29. e4 Rh6 30. exd5 Bxd5 31. c4 Bc6 32. d5 Ba4 33. c5 Nxc5 34. Rc1 Rxb6 35. Rxc5+ Kd7 36. Nc4 Rh6 37. Bf5+ Kd8 38. Rc8+ Ke7 39. d6+ Kf6 40. d7 Bxd7 41. Bxd7 g6 42. Rc7 b5 43. Ne3 Rh8 44. Rc8 Rxc8 45. Bxc8 a5 46. Bd7 Ke5 47. Bxb5 g5 48. Nc4+ Kf4 49. Nxa5 g4 50. fxg4 hxg4 51. Kg2 f5 52. Bd7 Kg5 53. Nc4 Kf4 54. Nd6 Ke5 55. Nxf5 g3 56. Kxg3 Ke4 57. Kg4 Kd5 58. Ng3 Kd6 59. Bf5 Kd5 60. Kg5 Kd4 61. Kf4 Kd5 62. Ne2 Kc4 63. Ke4 Kc5 64. Ke5 Kc4 65. Bc2 Kc5 66. Bd3 Kc6 67. Nd4+ Kc5 68. Ne6+ Kb4 69. Kd4 Kb3 70. Nc5+ Kb4 71. Bc4 Ka3 72. Kc3 1/2-1/2

[Event "Barcelona op"]
[Site "Barcelona"]
[Date "2020.07.11"]
[Round "1.5"]
[White "Gonzalez Alonso, Marti"]
[Black "Marzo Pie, Xavier"]
[Result "1-0"]
[WhiteElo "2108"]
[BlackElo "2241"]
[PlyCount "63"]
[EventDate "2020.07.11"]
[EventType "swiss"]
[EventRounds "9"]
[EventCountry "ESP"]
[SourceTitle "EXT 2024"]
[Source "ChessBase"]
[SourceDate "2023.10.10"]
[SourceVersion "1"]
[SourceVersionDate "2023.10.10"]
[SourceQuality "1"]

1. c4 g6 2. Nc3 Bg7 3. g3 c5 4. Bg2 Nc6 5. e3 e5 6. Nge2 Nge7 7. 0-0 d6 8. b3 0-0 9. Bb2 Bg4 10. h3 Bf5 11. g4 Bd3 12. a3 f5 13. Re1 fxg4 14. hxg4 g5 15. Ne4 Ng6 16. N2g3 Nh4 17. Rc1 Nxg2 18. Kxg2 d5 19. Nxc5 dxc4 20. bxc4 Rxf2+ 21. Kxf2 Qf8+ 22. Qf3 Qxc5 23. Qd5+ Qxd5 24. cxd5 Rf8+ 25. Kg2 Ne7 26. e4 Ng6 27. Nf5 Nf4+ 28. Kh2 Bf6 29. Rc7 Re8 30. Rxb7 a6 31. d6 Rd8 32. Nh6+ 1-0

[Event "Sant Andreu Tram-A"]
[Site "Barcelona"]
[Date "2019.10.26"]
[Round "6"]
[White "Ramon Herraez, Alex"]
[Black "Gonzalez Alonso, Marti"]
[Result "0-1"]
[WhiteElo "1874"]
[BlackElo "1911"]
[PlyCount "112"]
[EventDate "2019.09.14"]
[EventType "tourn"]
[EventRounds "9"]
[EventCountry "ESP"]
[SourceTitle "CBM 195 Extra"]
[Source "ChessBase"]
[SourceDate "2020.05.31"]
[SourceVersion "1"]
[SourceVersionDate "2020.05.31"]
[SourceQuality "1"]

1. d4 d5 2. Nf3 Nf6 3. c4 dxc4 4. e3 e6 5. Bxc4 c5 6. 0-0 a6 7. a4 Nc6 8. Nc3 cxd4 9. exd4 Be7 10. Bg5 0-0 11. Re1 h6 12. Bh4 Nd5 13. Bxd5 exd5 14. Bxe7 Nxe7 15. Ne5 Nc6 16. Nxc6 bxc6 17. a5 Rb8 18. Qd2 Qg5 19. Qe2 Bh3 20. g3 Qf6 21. Rad1 Rxb2 22. Qe3 Rfb8 23. Rb1 R2b4 24. Qd3 g6 25. Qe3 Kg7 26. Red1 Bf5 27. Rbc1 Rc4 28. Ne2 Rbb4 29. Rxc4 Rxc4 30. Rc1 Ra4 31. Qc3 Ra2 32. Nf4 Bd7 33. Rb1 Qd6 34. Rb6 g5 35. Nd3 Qa3 36. Qxa3 Rxa3 37. Ne5 Bh3 38. f4 gxf4 39. gxf4 Rxa5 40. Nxc6 Ra2 41. Rb3 Be6 42. Re3 Ra4 43. Rd3 Kf6 44. Kf2 Ra2+ 45. Kg3 Kf5 46. Re3 Ra4 47. Ne7+ Kf6 48. Nc6 Rc4 49. Nb8 a5 50. Ra3 a4 51. Rd3 Rb4 52. Na6 Rb3 53. Nc5 Rxd3+ 54. Nxd3 a3 55. Nc1 Bf5 56. Kf3 Bb1 0-1

[Event "Barcelona Sant Marti op-B 21st"]
[Site "Barcelona"]
[Date "2019.07.20"]
[Round "8"]
[White "Ramon Herraez, Alex"]
[Black "Gonzalez Alonso, Marti"]
[Result "0-1"]
[WhiteElo "1776"]
[BlackElo "1937"]
[PlyCount "42"]
[EventDate "2019.07.13"]
[EventType "swiss"]
[EventRounds "9"]
[EventCountry "ESP"]
[SourceTitle "EXT 2020"]
[Source "ChessBase"]
[SourceDate "2019.10.17"]
[SourceVersion "1"]
[SourceVersionDate "2019.10.17"]
[SourceQuality "1"]

1. d4 d5 2. Nf3 Nf6 3. c4 dxc4 4. e3 e6 5. Bxc4 c5 6. 0-0 a6 7. a4 Nc6 8. Nc3 cxd4 9. exd4 Be7 10. Re1 0-0 11. d5 exd5 12. Nxd5 Nxd5 13. Bxd5 Bb4 14. Bg5 Qa5 15. Bxf7+ Rxf7 16. Re8+ Rf8 17. Qb3+ Kh8 18. Qf7 Qf5 19. Rxf8+ Bxf8 20. Qe8 Kg8 21. Re1 Qf7 0-1

[Event "Barcelona Sant Marti op-B 21st"]
[Site "Barcelona"]
[Date "2019.07.17"]
[Round "5"]
[White "Gonzalez Alonso, Marti"]
[Black "Pla Carulla, Joaquim"]
[Result "1-0"]
[WhiteElo "1937"]
[BlackElo "1813"]
[PlyCount "45"]
[EventDate "2019.07.13"]
[EventType "swiss"]
[EventRounds "9"]
[EventCountry "ESP"]
[SourceTitle "EXT 2020"]
[Source "ChessBase"]
[SourceDate "2019.10.17"]
[SourceVersion "1"]
[SourceVersionDate "2019.10.17"]
[SourceQuality "1"]

1. e4 e5 2. Nf3 Nc6 3. d4 exd4 4. Nxd4 Bc5 5. Be3 Bb6 6. Nc3 d6 7. f3 Bd7 8. Nd5 Bxd4 9. Bxd4 Nxd4 10. Qxd4 f6 11. Bd3 Ne7 12. c4 Nc6 13. Qc3 Be6 14. 0-0-0 Qd7 15. Kb1 0-0 16. g4 Ne5 17. Be2 Qf7 18. h4 Rac8 19. Ne3 b5 20. cxb5 Bxa2+ 21. Ka1 Qb3 22. f4 Qa4 23. Qa3 1-0

[Event "Barcelona Sant Marti op-B 21st"]
[Site "Barcelona"]
[Date "2019.07.15"]
[Round "3"]
[White "Gonzalez Alonso, Marti"]
[Black "Palacios Pena, Gerardo"]
[Result "1/2-1/2"]
[WhiteElo "1937"]
[BlackElo "1801"]
[PlyCount "48"]
[EventDate "2019.07.13"]
[EventType "swiss"]
[EventRounds "9"]
[EventCountry "ESP"]
[SourceTitle "EXT 2020"]
[Source "ChessBase"]
[SourceDate "2019.10.17"]
[SourceVersion "1"]
[SourceVersionDate "2019.10.17"]
[SourceQuality "1"]

1. e4 c5 2. c4 Nc6 3. g3 g6 4. Bg2 Bg7 5. Nc3 e6 6. f4 d6 7. d3 Nge7 8. Nge2 Nd4 9. Rb1 Nec6 10. a3 0-0 11. b4 Nxe2 12. Nxe2 Nd4 13. Nxd4 Bxd4 14. Bb2 Qf6 15. Qe2 Bc3+ 16. Kd1 Qd4 17. Kc2 Bxb2 18. Rxb2 Bd7 19. Kb3 Rab8 20. b5 e5 21. Qd2 f5 22. Rf1 fxe4 23. dxe4 Be6 24. Qxd4 cxd4 1/2-1/2

[Event "Foment Martinenc op-A 20th"]
[Site "Barcelona"]
[Date "2018.06.16"]
[Round "9"]
[White "Claramunt Bassegoda, Marcel"]
[Black "Gonzalez Alonso, Marti"]
[Result "1/2-1/2"]
[WhiteElo "1852"]
[BlackElo "1845"]
[PlyCount "90"]
[EventDate "2018.04.21"]
[EventType "swiss"]
[EventRounds "9"]
[EventCountry "ESP"]
[SourceTitle "CBM 184 Extra"]
[Source "ChessBase"]
[SourceDate "2018.06.28"]
[SourceVersion "1"]
[SourceVersionDate "2018.06.28"]
[SourceQuality "1"]

1. d4 d5 2. Bf4 Nf6 3. e3 e6 4. Nf3 c5 5. c3 Nc6 6. Nbd2 Bd6 7. Bg3 Bxg3 8. hxg3 Qd6 9. Bb5 a6 10. Bxc6+ bxc6 11. Qc2 cxd4 12. cxd4 h6 13. Ne5 Bd7 14. g4 Ke7 15. f3 Rab8 16. Nb3 Qb4+ 17. Kf2 Rhc8 18. Nd3 Qc4 19. Rac1 Qxc2+ 20. Rxc2 Kd6 21. Ne5 Be8 22. Rhc1 Ng8 23. Nc5 f6 24. Ned3 a5 25. b3 e5 26. Rb2 Ne7 27. Rcb1 Bg6 28. b4 axb4 29. Rxb4 Rxb4 30. Rxb4 Bxd3 31. Nxd3 exd4 32. exd4 f5 33. Kg3 fxg4 34. Kxg4 g6 35. a4 Nf5 36. a5 Ra8 37. Ra4 Ne3+ 38. Kh3 Nc4 39. Nc5 Ne5 40. Rb4 Nd7 41. Nb7+ Kc7 42. Kg4 Rb8 43. a6 Ra8 44. Ra4 Nb8 45. Nc5 Nd7 1/2-1/2

[Event "Foment Martinenc op-A 20th"]
[Site "Barcelona"]
[Date "2018.05.26"]
[Round "6"]
[White "Gonzalez Alonso, Marti"]
[Black "Povill Batlle, Ramon"]
[Result "0-1"]
[WhiteElo "1845"]
[BlackElo "1937"]
[PlyCount "136"]
[EventDate "2018.04.21"]
[EventType "swiss"]
[EventRounds "9"]
[EventCountry "ESP"]
[SourceTitle "CBM 184 Extra"]
[Source "ChessBase"]
[SourceDate "2018.06.28"]
[SourceVersion "1"]
[SourceVersionDate "2018.06.28"]
[SourceQuality "1"]

1. e4 c5 2. Nc3 Nc6 3. g3 g6 4. Bg2 Bg7 5. Nge2 d6 6. 0-0 h5 7. h3 Bd7 8. d3 Qc8 9. Kh2 Ne5 10. f4 h4 11. fxe5 hxg3+ 12. Kxg3 Bxh3 13. Nf4 Bxe5 14. Rh1 g5 15. Bxh3 gxf4+ 16. Kg2 Rxh3 17. Rxh3 Qe6 18. Qf3 Qg6+ 19. Kh1 Bxc3 20. bxc3 e5 21. Bxf4 exf4 22. Qxf4 0-0-0 23. Rg1 Qe6 24. Qg4 Nf6 25. Qxe6+ fxe6 26. Rh6 Nd7 27. Rxe6 Ne5 28. Rg3 Kc7 29. Rg7+ Kc6 30. Ree7 Rb8 31. d4 cxd4 32. cxd4 Nf3 33. d5+ Kc5 34. Rxb7 Re8 35. Rxa7 Rxe4 36. Ra5+ Kb6 37. Ra3 Rh4+ 38. Kg2 Ne5 39. Rgg3 Kc5 40. Ra5+ Kb6 41. Ra8 Re4 42. Rb3+ Kc7 43. Ra7+ Kc8 44. Rg3 Kb8 45. Rh7 Ng4 46. Kh3 Nf2+ 47. Kg2 Ng4 48. Rf3 Rc4 49. Rf8+ Rc8 50. Rxc8+ Kxc8 51. Kf3 Nf6 52. c4 Nxh7 53. Ke4 Nf6+ 54. Kf5 Nd7 55. Ke6 Kc7 56. Ke7 Nc5 57. a3 Na4 58. Ke6 Nb6 59. c5 dxc5 60. d6+ Kc6 61. a4 c4 62. a5 Nd7 63. a6 c3 64. a7 Kb7 65. Kxd7 c2 66. Ke8 c1Q 67. d7 Qe3+ 68. Kf7 Qd4 0-1

[Event "Foment Martinenc op-A 20th"]
[Site "Barcelona"]
[Date "2018.04.21"]
[Round "1"]
[White "Lacasta Palacio, Joaquim"]
[Black "Gonzalez Alonso, Marti"]
[Result "1-0"]
[WhiteElo "2120"]
[BlackElo "1845"]
[PlyCount "71"]
[EventDate "2018.04.21"]
[EventType "swiss"]
[EventRounds "9"]
[EventCountry "ESP"]
[SourceTitle "CBM 184 Extra"]
[Source "ChessBase"]
[SourceDate "2018.06.28"]
[SourceVersion "1"]
[SourceVersionDate "2018.06.28"]
[SourceQuality "1"]

1. Nf3 Nf6 2. d4 d5 3. Bf4 e6 4. e3 c5 5. c3 Bd6 6. Nbd2 0-0 7. Bd3 Nc6 8. Ne5 Qc7 9. Ndf3 Nd7 10. Nxc6 bxc6 11. Bg3 cxd4 12. exd4 e5 13. Nxe5 Nxe5 14. dxe5 Bxe5 15. Qh5 f5 16. 0-0-0 g6 17. Bxe5 Qxe5 18. Qg5 Qd6 19. h4 Kg7 20. Rde1 Rf7 21. h5 h6 22. Qxg6+ Qxg6 23. hxg6 Kxg6 24. Re8 Kg7 25. f4 c5 26. Rhe1 Bb7 27. Rxa8 Bxa8 28. Re5 d4 29. g3 c4 30. Bxc4 Rc7 31. Bd5 Bxd5 32. Rxd5 dxc3 33. b3 Kf6 34. Kc2 Re7 35. Kxc3 Re3+ 36. Rd3 1-0

[Event "Foment Martinenc op-B 19st"]
[Site "Barcelona"]
[Date "2017.06.10"]
[Round "8.4"]
[White "Gonzalez Alonso, Marti"]
[Black "Garcia Ramos, Anais"]
[Result "1-0"]
[WhiteElo "1814"]
[BlackElo "1699"]
[PlyCount "79"]
[EventDate "2017.04.22"]
[EventType "swiss"]
[EventRounds "9"]
[EventCountry "ESP"]
[SourceTitle "EXT 2024"]
[Source "ChessBase"]
[SourceDate "2023.10.10"]
[SourceVersion "1"]
[SourceVersionDate "2023.10.10"]
[SourceQuality "1"]

1. e4 e6 2. d4 d5 3. Bd3 dxe4 4. Bxe4 Nf6 5. Bf3 c5 6. Ne2 Qb6 7. 0-0 Nc6 8. dxc5 Bxc5 9. Nbc3 Ne5 10. Ng3 Nxf3+ 11. Qxf3 Bd7 12. Bg5 Bc6 13. Qf4 Nd5 14. Qe5 Bd4 15. Qd6 Bxc3 16. bxc3 h6 17. Nf5 Rh7 18. c4 Ba4 19. cxd5 Qxd6 20. Nxd6+ Kd7 21. Nxb7 Kc7 22. Nc5 hxg5 23. Nxa4 exd5 24. Nc3 Kc6 25. Rad1 Rah8 26. Nxd5 Rxh2 27. Ne7+ Kc7 28. f3 Rh1+ 29. Kf2 Rxf1+ 30. Kxf1 Re8 31. Nf5 g6 32. Nd4 Rb8 33. Nb3 Kc6 34. c4 Rb4 35. c5 Ra4 36. Rd6+ Kc7 37. Rd2 Kc6 38. Rc2 a6 39. Ke2 Rb4 40. Ke3 1-0

[Event "Foment Martinenc op-B 19st"]
[Site "Barcelona"]
[Date "2017.04.22"]
[Round "1.1"]
[White "Ylla Soro, Rafael"]
[Black "Gonzalez Alonso, Marti"]
[Result "1-0"]
[WhiteElo "1603"]
[BlackElo "1814"]
[PlyCount "79"]
[EventDate "2017.04.22"]
[EventType "swiss"]
[EventRounds "9"]
[EventCountry "ESP"]
[SourceTitle "EXT 2024"]
[Source "ChessBase"]
[SourceDate "2023.10.10"]
[SourceVersion "1"]
[SourceVersionDate "2023.10.10"]
[SourceQuality "1"]

1. e4 e5 2. f4 Nc6 3. Nf3 Bc5 4. Bc4 d6 5. Nc3 Nge7 6. d3 a6 7. f5 b5 8. Bxf7+ Kxf7 9. Ng5+ Kg8 10. Rf1 Qe8 11. Qg4 Nd8 12. Qf3 h6 13. Nh3 Kh7 14. g4 Rf8 15. g5 Ng8 16. Nd5 Ra7 17. Qg3 c6 18. Ne3 d5 19. Ng4 Re7 20. g6+ Kh8 21. Qh4 Nf7 22. gxf7 Qxf7 23. Ng5 Qe8 24. Bd2 dxe4 25. dxe4 h5 26. 0-0-0 Nf6 27. Nxf6 Rxf6 28. Nh3 Rd6 29. f6 gxf6 30. Rxf6 Bxh3 31. Rxd6 Bxd6 32. Qxh3 Rg7 33. Rf1 Kh7 34. Be3 Rg4 35. Qf3 Qg6 36. Kd2 Rxe4 37. h3 Be7 38. Rg1 Qd6+ 39. Kc1 Rh4 40. Qf7+ 1-0

[Event "Barcelona Sant Marti op-B 18th"]
[Site "Barcelona"]
[Date "2016.07.19"]
[Round "7.50"]
[White "Palau Fontanet, David"]
[Black "Gonzalez Alonso, Marti"]
[Result "1/2-1/2"]
[WhiteElo "1703"]
[BlackElo "1391"]
[PlyCount "86"]
[EventDate "2016.07.13"]
[EventType "swiss"]
[EventRounds "9"]
[EventCountry "ESP"]
[SourceTitle "EXT 2024"]
[Source "ChessBase"]
[SourceDate "2023.10.10"]
[SourceVersion "1"]
[SourceVersionDate "2023.10.10"]
[SourceQuality "1"]

1. d4 d5 2. Bf4 c6 3. c3 Bf5 4. Nf3 e6 5. e3 Bd6 6. Bg3 Nf6 7. Bd3 Bg6 8. Qc2 Bxg3 9. hxg3 Nbd7 10. Nbd2 Bxd3 11. Qxd3 Qb6 12. b3 h6 13. 0-0 0-0 14. c4 c5 15. Qe2 Rfe8 16. Rfc1 Rac8 17. Rab1 Qa6 18. Rc2 Rc7 19. Rbc1 Rec8 20. Qd1 b5 21. Qf1 bxc4 22. bxc4 cxd4 23. Nxd4 dxc4 24. Nxc4 e5 25. Nf3 Ng4 26. Qe2 Nb6 27. Nfd2 f5 28. Qd3 e4 29. Qb3 Nxc4 30. Rxc4 Rxc4 31. Rxc4 Rxc4 32. Qxc4+ Qxc4 33. Nxc4 Kf7 34. Nd6+ Ke6 35. Nb5 a5 36. Kf1 Ne5 37. Nd4+ Kf6 38. f4 Nd3 39. a4 Nc5 40. Nc6 Nxa4 41. Nxa5 Nc5 42. Nc6 Nd3 43. Ke2 Ke6 1/2-1/2

[Event "Barcelona Sant Marti op-B 18th"]
[Site "Barcelona"]
[Date "2016.07.17"]
[Round "5.55"]
[White "Cervera Lopez, Miguel"]
[Black "Gonzalez Alonso, Marti"]
[Result "1/2-1/2"]
[WhiteElo "1655"]
[BlackElo "1391"]
[PlyCount "56"]
[EventDate "2016.07.13"]
[EventType "swiss"]
[EventRounds "9"]
[EventCountry "ESP"]
[SourceTitle "EXT 2024"]
[Source "ChessBase"]
[SourceDate "2023.10.10"]
[SourceVersion "1"]
[SourceVersionDate "2023.10.10"]
[SourceQuality "1"]

1. e4 e5 2. Nf3 Nf6 3. Nc3 Nc6 4. d4 exd4 5. Nxd4 Bb4 6. Nxc6 bxc6 7. Bd3 0-0 8. 0-0 Re8 9. Bg5 h6 10. Bh4 g5 11. Bg3 Bxc3 12. bxc3 Nxe4 13. Qh5 Kg7 14. Bxe4 Rxe4 15. Rae1 Qe7 16. Rxe4 Qxe4 17. f3 Qe3+ 18. Bf2 Qxc3 19. Re1 d6 20. h4 Qf6 21. hxg5 Qxg5 22. Bd4+ Kf8 23. Qh2 Qd2 24. Bf2 Be6 25. f4 Qxc2 26. Qxh6+ Kg8 27. Bd4 Qh7 28. Qg5+ Kf8 1/2-1/2

[Event "Foment Martinenc op-B 18th"]
[Site "Barcelona"]
[Date "2016.05.28"]
[Round "6"]
[White "Suarez Garcia, Mario"]
[Black "Gonzalez Alonso, Marti"]
[Result "0-1"]
[WhiteElo "1674"]
[BlackElo "1322"]
[PlyCount "62"]
[EventDate "2016.04.23"]
[EventType "swiss"]
[EventRounds "9"]
[EventCountry "ESP"]
[SourceTitle "EXT 2017"]
[Source "ChessBase"]
[SourceDate "2016.10.25"]
[SourceVersion "1"]
[SourceVersionDate "2016.10.25"]
[SourceQuality "1"]

1. e4 e5 2. Nf3 Nf6 3. Nxe5 d6 4. Nf3 Nxe4 5. d4 d5 6. Bd3 Bd6 7. 0-0 0-0 8. c4 c6 9. cxd5 cxd5 10. Nc3 Nxc3 11. bxc3 Nd7 12. Bxh7+ Kxh7 13. Ng5+ Kg8 14. Qh5 Nf6 15. Qh4 Bf5 16. Re1 Nh7 17. g4 Bg6 18. f4 Nxg5 19. Qxg5 Qxg5 20. fxg5 Rfe8 21. Bd2 Rxe1+ 22. Rxe1 Kf8 23. h4 Re8 24. Rxe8+ Kxe8 25. h5 Bb1 26. h6 gxh6 27. gxh6 Kf8 28. Bg5 Be7 29. Bxe7+ Kxe7 30. Kf2 Kf6 31. Ke3 Bxa2 0-1